| 000 | 00650nam a2200193 a 4500 | ||
|---|---|---|---|
| 003 | OSt | ||
| 005 | 20201204145000.0 | ||
| 008 | 190808s2000 dr 000 spa d | ||
| 040 |
_aDO-SdBNP _bspa _cBNPHU |
||
| 100 | 1 |
_aCastaños Guzmán, Julio Miguel _953825 |
|
| 245 | 1 | 3 |
_aEl poder judicial y las sanciones tributarias / _cJulio Miguel Castaños Guzmán. |
| 260 |
_aSanto Domingo : _bEdiciones Capedom, _c2000. |
||
| 300 |
_a110 p. _c22 cm. |
||
| 490 | 1 |
_aBreviarios _v6 |
|
| 500 | _aIncluye referencias bibliográficas y notas al pie de las páginas | ||
| 504 | _aBibliografía : p. 105-110 | ||
| 830 | 0 |
_aBreviarios, 6 _977533 |
|
| 942 |
_2ddc _cLBS1 |
||
| 999 |
_c48769 _d48769 |
||